000 00719nam a2200265Ia 4500
005 20260121165759.0
008 008 260114s9999 xx 000 0 eng d
020 _a9783319286976
037 _aEBOOK
040 _aCRL
040 _beng
040 _cCRL
041 _2eng
041 _aeng
084 _qCRL
100 _aMarco Lübbecke, Arie M.C.A. Koster, Peter Letmathe, Reinhard Madlener, Britta Peis, Grit Walther
_91055952
245 0 _aOperations Research Proceedings 2014
260 _bSpringer
260 _bSpringer
260 _c2016
856 _uhttps://link.springer.com/openurl?genre=book&isbn=978-3-319-28697-6
942 _cEBOOK
999 _c1621680
_d1621680